Online Catalogue and eLibrary

Conflict and violence in South Asia : (Record no. 3504)

MARC details
000 -LEADER
fixed length control field 00447nam a2200169Ia 4500
005 - DATE AND TIME OF LATEST TRANSACTION
control field 20240604030956.0
008 - FIXED-LENGTH DATA ELEMENTS--GENERAL INFORMATION
fixed length control field 240331s9999 xx 000 0 und d
020 ## - INTERNATIONAL STANDARD BOOK NUMBER
ISBN 9555800510
082 ## - DDC Classification
Item Number - Author Mark CON
Class No. 954
245 #0 - TITLE STATEMENT
Title Conflict and violence in South Asia :
Remainder of title Bangladesh, India, Pakistan and Sri Lanka
250 ## - EDITION STATEMENT
Edition statement 1 st
260 ## - PUBLICATION, DISTRIBUTION, ETC.
Place of publication, distribution, etc. Kandy
Name of publisher, distributor, etc. ICES
Date of publication, distribution, etc. 2000
300 ## - PHYSICAL DESCRIPTION
Extent (e.g. Volumes, Pages etc.) viii,436 p.,
650 ## - SUBJECT ADDED ENTRY--TOPICAL TERM
Topical term or geographic name entry element Conflicts
700 ## - ADDED ENTRY--PERSONAL NAME
Personal name DeSilva, K.M, . ed
942 ## - Koha item type (Biblio)
Koha item type Books in Stacks (Lending)
Holdings
Lost status Damaged status Collection code Home library Current library Shelving location Date acquired Full call number Accession Number Item type
    Lending WERC Library WERC Library Social Science Cupboard 03/31/2024 954.3 CON 4321 Books in Stacks (Lending)

© WERC Library